[Event "Santiago Endesa 02"]
[Site "Santiago de Chile"]
[Date "2010.05.19"]
[Round "8"]
[White "Von Dessauer Orellana, Daniel J"]
[Black "Berti Contreras, Lorenginis Jesus"]
[Result "1-0"]
[WhiteElo "2028"]
[BlackElo "2104"]
[PlyCount "93"]
[EventDate "2010.05.03"]
[EventType "tourn"]
[EventRounds "9"]
[EventCountry "CHI"]
[SourceTitle "EXT 2012"]
[Source "ChessBase"]
[SourceDate "2011.11.24"]
[SourceVersion "1"]
[SourceVersionDate "2011.11.24"]
[SourceQuality "1"]

1. d4 c5 2. Nf3 Nf6 3. e3 g6 4. Bd3 Bg7 5. 0-0 0-0 6. Nbd2 d6 7. c3 b6 8. Qe2 Bb7 9. e4 Nc6 10. Re1 e5 11. d5 Ne7 12. Nf1 Nh5 13. a4 Bc8 14. a5 Bg4 15. Ng3 f5 16. h3 Nxg3 17. fxg3 fxe4 18. Bxe4 Bd7 19. Bg5 b5 20. Nh2 Qe8 21. g4 a6 22. Qe3 Kh8 23. Rf1 Ng8 24. Rxf8 Qxf8 25. Rf1 Qc8 26. Qg3 Be8 27. Qh4 Ra7 28. Rf3 Rc7 29. Nf1 Qd7 30. Ng3 Ne7 31. Nf5 gxf5 32. gxf5 Kg8 33. f6 Ng6 34. Bxg6 Bxg6 35. fxg7 Bf7 36. Qh6 Qe8 37. Qxd6 Rd7 38. Qxa6 Rxd5 39. Qh6 e4 40. Rf1 Re5 41. Be3 b4 42. a6 bxc3 43. bxc3 Re7 44. Rf4 Qa4 45. Bxc5 Qa1+ 46. Kh2 Rd7 47. Qc6 1-0

[Event "Santiago Endesa 02"]
[Site "Santiago de Chile"]
[Date "2010.05.05"]
[Round "2"]
[White "Henriquez Villagra, Cristobal"]
[Black "Von Dessauer Orellana, Daniel J"]
[Result "1-0"]
[WhiteElo "2092"]
[BlackElo "2028"]
[PlyCount "65"]
[EventDate "2010.05.03"]
[EventType "tourn"]
[EventRounds "9"]
[EventCountry "CHI"]
[SourceTitle "EXT 2012"]
[Source "ChessBase"]
[SourceDate "2011.11.24"]
[SourceVersion "1"]
[SourceVersionDate "2011.11.24"]
[SourceQuality "1"]

1. Nf3 Nf6 2. d4 d5 3. Bf4 e6 4. e3 c5 5. c3 Nc6 6. Nbd2 Be7 7. Bd3 0-0 8. Ne5 Nxe5 9. dxe5 Nd7 10. h4 f6 11. Qh5 f5 12. Nf3 Qe8 13. Qxe8 Rxe8 14. 0-0-0 b6 15. Rdg1 h5 16. Ng5 Bxg5 17. hxg5 g6 18. f3 Bb7 19. g4 hxg4 20. fxg4 Bc6 21. Rh6 Nf8 22. gxf5 exf5 23. Bxf5 gxf5 24. Rxc6 Re6 25. Rd6 Rxd6 26. exd6 Rd8 27. Rd1 d4 28. cxd4 cxd4 29. Rxd4 Kf7 30. Rd5 Kg6 31. Rd2 Ne6 32. Rh2 Rg8 33. Rh6+ 1-0

[Event "Santiago Endesa 02"]
[Site "Santiago de Chile"]
[Date "2009.03.30"]
[Round "7"]
[White "Von Dessauer Orellana, Daniel J"]
[Black "Almarza Orellana, Luis"]
[Result "1/2-1/2"]
[WhiteElo "2014"]
[BlackElo "2094"]
[PlyCount "87"]
[EventDate "2009.03.16"]
[EventType "tourn"]
[EventRounds "11"]
[EventCountry "CHI"]
[SourceTitle "EXT 2012"]
[Source "ChessBase"]
[SourceDate "2011.11.24"]
[SourceVersion "1"]
[SourceVersionDate "2011.11.24"]
[SourceQuality "1"]

1. d4 Nf6 2. c4 e5 3. dxe5 Ng4 4. Nf3 Bc5 5. e3 Nc6 6. Bd2 0-0 7. Bd3 Qe7 8. Bc3 Bb4 9. 0-0 Bxc3 10. Nxc3 Ngxe5 11. Nd5 Nxf3+ 12. Qxf3 Qd6 13. c5 Qe5 14. Rfd1 Ne7 15. Nxe7+ Qxe7 16. Rac1 d6 17. cxd6 cxd6 18. Be4 Be6 19. b3 Rab8 20. Rc3 b6 21. Rcd3 Rfd8 22. Qf4 Rbc8 23. h3 d5 24. Bxd5 Bxd5 25. Rxd5 Rxd5 26. Rxd5 g6 27. Qd4 Rc1+ 28. Kh2 Rc8 29. Rd7 Qa3 30. Qf6 Rf8 31. h4 Qxa2 32. h5 Qa5 33. hxg6 hxg6 34. Rd4 Re8 35. Rf4 Qd5 36. g3 Qe6 37. Qa1 Re7 38. Rh4 Qe5 39. Qh1 Re8 40. Qb7 Qe7 41. Qf3 Kg7 42. Kg2 Rh8 43. Re4 Qb7 44. Rf4 1/2-1/2

[Event "Santiago Endesa 02"]
[Site "Santiago de Chile"]
[Date "2009.03.23"]
[Round "4"]
[White "Romero Araya, Diego Alonso"]
[Black "Von Dessauer Orellana, Daniel J"]
[Result "1-0"]
[WhiteElo "2140"]
[BlackElo "2014"]
[PlyCount "49"]
[EventDate "2009.03.16"]
[EventType "tourn"]
[EventRounds "11"]
[EventCountry "CHI"]
[SourceTitle "EXT 2012"]
[Source "ChessBase"]
[SourceDate "2011.11.24"]
[SourceVersion "1"]
[SourceVersionDate "2011.11.24"]
[SourceQuality "1"]

1. e4 e5 2. Nf3 Nc6 3. Bb5 a6 4. Ba4 Nf6 5. 0-0 Nxe4 6. d4 b5 7. Bb3 d5 8. dxe5 Be6 9. c3 Be7 10. Nbd2 Nc5 11. Bc2 d4 12. Nb3 d3 13. Bb1 Nxb3 14. axb3 Bf5 15. Be3 0-0 16. Nd4 Nxd4 17. cxd4 c5 18. Qf3 Qd7 19. d5 Rfc8 20. d6 Bf8 21. Bxc5 Bg4 22. Qxd3 g6 23. Qe3 Bg7 24. Be4 Rab8 25. f4 1-0

[Event "Santiago Endesa 05"]
[Site "Santiago de Chile"]
[Date "2008.06.04"]
[Round "5"]
[White "Marin Munoz, Roque"]
[Black "Von Dessauer Orellana, Daniel J"]
[Result "1/2-1/2"]
[WhiteElo "2098"]
[BlackElo "2014"]
[PlyCount "137"]
[EventDate "2008.05.19"]
[EventType "tourn"]
[EventRounds "9"]
[EventCountry "CHI"]
[SourceTitle "EXT 2012"]
[Source "ChessBase"]
[SourceDate "2011.11.24"]
[SourceVersion "1"]
[SourceVersionDate "2011.11.24"]
[SourceQuality "1"]

1. d4 d5 2. c4 c6 3. cxd5 cxd5 4. Bf4 Nf6 5. e3 Nc6 6. Nc3 Bf5 7. Nf3 e6 8. Bb5 Nd7 9. Ba4 Rc8 10. Bb5 Ra8 11. Qa4 Rc8 12. Bxc6 Rxc6 13. Qxa7 Qc8 14. Qa5 Ra6 15. Qc7 Qxc7 16. Bxc7 Rc6 17. Bf4 Ba3 18. bxa3 Rxc3 19. Nh4 Bd3 20. Kd2 Rxa3 21. Bd6 Ra6 22. Bb4 Bc4 23. a4 Nb8 24. Rhb1 Nc6 25. Bc5 Na5 26. Ra3 Kd7 27. Nf3 f6 28. Kc3 Rc8 29. Kd2 Bf1 30. Rxf1 Nc4+ 31. Kd3 Rxc5 32. dxc5 Nxa3 33. Kc3 Rxa4 34. Kb3 Ra7 35. Ra1 Nb5 36. Rxa7 Nxa7 37. Kb4 e5 38. Nd2 Nc6+ 39. Kb5 Kc7 40. Nb1 d4 41. exd4 Nxd4+ 42. Kc4 Kc6 43. Nd2 Ne6 44. Nb3 b6 45. cxb6 Kxb6 46. g3 Kc6 47. Na5+ Kd6 48. Nb7+ Ke7 49. Kd5 g5 50. Ke4 Kf7 51. Nd6+ Kg6 52. h3 h5 53. Nc8 h4 54. Ne7+ Kf7 55. Nf5 Ng7 56. gxh4 Nxf5 57. Kxf5 gxh4 58. f4 exf4 59. Kxf4 Ke6 60. Kg4 Ke5 61. Kxh4 Kf4 62. Kh5 f5 63. Kg6 Ke4 64. h4 f4 65. h5 f3 66. h6 f2 67. h7 f1Q 68. h8Q Qf5+ 69. Kg7 1/2-1/2

[Event "Santiago Endesa 03"]
[Site "Santiago de Chile"]
[Date "2008.04.23"]
[Round "6"]
[White "Valdes Escobar, Jose Ignacio"]
[Black "Von Dessauer Orellana, Daniel J"]
[Result "0-1"]
[WhiteElo "2017"]
[BlackElo "2014"]
[PlyCount "82"]
[EventDate "2008.04.07"]
[EventType "tourn"]
[EventRounds "9"]
[EventCountry "CHI"]
[SourceTitle "EXT 2012"]
[Source "ChessBase"]
[SourceDate "2011.11.24"]
[SourceVersion "1"]
[SourceVersionDate "2011.11.24"]
[SourceQuality "1"]

1. e4 e6 2. d4 d5 3. exd5 exd5 4. Bd3 Bd6 5. h3 Ne7 6. Nf3 0-0 7. 0-0 Bf5 8. Nc3 Bxd3 9. Qxd3 c6 10. Re1 Nd7 11. Nd1 Nf6 12. Ne5 Bxe5 13. dxe5 Ne4 14. Be3 Nf5 15. f3 Nxe3 16. Qxe3 Ng5 17. Nf2 Ne6 18. f4 Qb6 19. Nd3 Qxe3+ 20. Rxe3 c5 21. g3 Nd4 22. Rc1 Nf5 23. Rf3 b6 24. c4 d4 25. b4 Rfc8 26. bxc5 bxc5 27. Nf2 Rab8 28. Ra3 h5 29. Ne4 Ne3 30. Rxa7 Rb2 31. Kh1 Re2 32. Rb7 Ra8 33. Ng5 d3 34. Ra1 d2 35. Rd7 Re1+ 36. Kh2 Rxa1 37. Rxd2 R8xa2 38. Rxa2 Rxa2+ 39. Kh1 Nxc4 40. Ne4 Nd2 41. Nc3 Rc2 0-1

[Event "Santiago Endesa 15"]
[Site "Santiago de Chile"]
[Date "2007.10.21"]
[Round "7"]
[White "Von Dessauer Orellana, Daniel J"]
[Black "Jorquera Cahuin, Marcelo Joaquin"]
[Result "0-1"]
[WhiteElo "2014"]
[BlackElo "2310"]
[PlyCount "88"]
[EventDate "2007.10.18"]
[EventType "tourn"]
[EventRounds "9"]
[EventCountry "CHI"]
[SourceTitle "EXT 2012"]
[Source "ChessBase"]
[SourceDate "2011.11.24"]
[SourceVersion "1"]
[SourceVersionDate "2011.11.24"]
[SourceQuality "1"]

1. d4 Nf6 2. Nf3 d6 3. e3 Nbd7 4. Nbd2 g6 5. Bd3 Bg7 6. 0-0 0-0 7. e4 e5 8. dxe5 dxe5 9. Qe2 Nh5 10. Nb3 Re8 11. Bg5 Bf6 12. Be3 c6 13. Rad1 Qc7 14. g3 Nf8 15. Nfd2 Bh3 16. Rfe1 Ng7 17. Qf3 Nh5 18. g4 Nf4 19. Bxf4 exf4 20. Qxh3 Bxb2 21. Nf3 Bc3 22. Rf1 b5 23. Nbd4 a6 24. Ne2 Bg7 25. Qh4 Ne6 26. Ng5 Nf8 27. Nf3 Ne6 28. g5 Nc5 29. Qxf4 Qxf4 30. Nxf4 Nxe4 31. Bxe4 Rxe4 32. Ng2 Ra4 33. Rd6 Rxa2 34. Rxc6 a5 35. Ne3 a4 36. Nd5 a3 37. Nf6+ Bxf6 38. gxf6 Rb2 39. Ne5 a2 40. Rc7 Rb1 41. Rxf7 Rxf1+ 42. Kg2 Rg1+ 43. Kf3 Rf8 44. Rg7+ Kh8 0-1

[Event "Santiago Endesa 15"]
[Site "Santiago de Chile"]
[Date "2007.10.18"]
[Round "2"]
[White "Marin Munoz, Roque"]
[Black "Von Dessauer Orellana, Daniel J"]
[Result "1/2-1/2"]
[WhiteElo "2098"]
[BlackElo "2014"]
[PlyCount "58"]
[EventDate "2007.10.18"]
[EventType "tourn"]
[EventRounds "9"]
[EventCountry "CHI"]
[SourceTitle "EXT 2012"]
[Source "ChessBase"]
[SourceDate "2011.11.24"]
[SourceVersion "1"]
[SourceVersionDate "2011.11.24"]
[SourceQuality "1"]

1. d4 d5 2. c4 c6 3. cxd5 cxd5 4. Bf4 Nf6 5. Nc3 Nc6 6. e3 Bf5 7. Bb5 e6 8. Nf3 Bd6 9. Ne5 Bxe5 10. Bxe5 0-0 11. Bxc6 bxc6 12. 0-0 Nd7 13. Bd6 Re8 14. Na4 Nb6 15. Bg3 Nxa4 16. Qxa4 Qb6 17. Rac1 Qxb2 18. Qa6 Bg4 19. f3 Bf5 20. Rxc6 Qd2 21. Re1 Bd3 22. Qa4 a6 23. Qd1 Qxd1 24. Rxd1 Bc4 25. a3 Rec8 26. Rxc8+ Rxc8 27. Bd6 Bb5 28. Bc5 Rb8 29. Rb1 Rb7 1/2-1/2

[Event "Santiago Endesa Clasification"]
[Site "Santiago de Chile"]
[Date "2007.08.31"]
[Round "8"]
[White "Von Dessauer Orellana, Daniel J"]
[Black "Velasquez Ojeda, Cesar"]
[Result "0-1"]
[WhiteElo "1995"]
[BlackElo "2282"]
[PlyCount "80"]
[EventDate "2007.08.13"]
[EventType "swiss"]
[EventRounds "9"]
[EventCountry "CHI"]
[SourceTitle "EXT 2008"]
[Source "ChessBase"]
[SourceDate "2007.11.25"]
[SourceVersion "1"]
[SourceVersionDate "2007.11.25"]
[SourceQuality "1"]

1. e4 c5 2. Nf3 h6 3. d4 cxd4 4. Nxd4 Nf6 5. f3 e5 6. Nb5 d5 7. exd5 a6 8. N5c3 b5 9. Nxb5 axb5 10. Bxb5+ Bd7 11. Bxd7+ Qxd7 12. c4 Bc5 13. Qe2 0-0 14. Be3 Qa7 15. Bf2 e4 16. 0-0 exf3 17. Qxf3 Nbd7 18. Na3 Ne5 19. Qf5 Bxf2+ 20. Qxf2 Qxf2+ 21. Rxf2 Nd3 22. Rd2 Nxb2 23. Rxb2 Rxa3 24. Rb3 Ra4 25. Rc3 Rc8 26. Rac1 Ne4 27. R3c2 Nc5 28. Rd1 Nd7 29. Rdc1 Nb6 30. d6 Rc5 31. Rd1 Nd7 32. Re2 Rcxc4 33. Re7 Ra7 34. Rb1 Rd4 35. Rb8+ Kh7 36. Rxf7 Rxa2 37. Re8 Rxd6 38. h4 Rdd2 39. Ree7 Rxg2+ 40. Kh1 Nc5 0-1

[Event "Santiago Endesa Clasification"]
[Site "Santiago de Chile"]
[Date "2007.08.20"]
[Round "3"]
[White "Von Dessauer Orellana, Daniel J"]
[Black "Cuevas Araya, Walter"]
[Result "0-1"]
[WhiteElo "1995"]
[BlackElo "2172"]
[PlyCount "54"]
[EventDate "2007.08.13"]
[EventType "swiss"]
[EventRounds "9"]
[EventCountry "CHI"]
[SourceTitle "EXT 2008"]
[Source "ChessBase"]
[SourceDate "2007.11.25"]
[SourceVersion "1"]
[SourceVersionDate "2007.11.25"]
[SourceQuality "1"]

1. e4 c6 2. d4 d5 3. Nc3 dxe4 4. Nxe4 Nd7 5. Bc4 Ngf6 6. Ng5 e6 7. Qe2 Nb6 8. Bd3 h6 9. N5f3 c5 10. dxc5 Bxc5 11. Ne5 Nbd7 12. Ngf3 Nxe5 13. Nxe5 Nd7 14. Nxd7 Bxd7 15. 0-0 Qc7 16. Qg4 0-0-0 17. Qxg7 Bc6 18. Qg3 Qd7 19. Qh4 Rhg8 20. Be4 Qd4 21. Bxh6 Qxe4 22. Qxe4 Bxe4 23. g3 Bf3 24. Be3 Rh8 25. h4 Rdg8 26. Kh2 Rxh4+ 27. gxh4 Bd6+ 0-1

[Event "Santiago Endesa 07"]
[Site "Santiago de Chile"]
[Date "2007.07.??"]
[Round "7"]
[White "Larrain Cortes, Cristian"]
[Black "Von Dessauer Orellana, Daniel J"]
[Result "0-1"]
[WhiteElo "1964"]
[BlackElo "1995"]
[PlyCount "104"]
[EventDate "2007.07.??"]
[EventType "tourn"]
[EventRounds "9"]
[EventCountry "CHI"]
[SourceTitle "EXT 2008"]
[Source "ChessBase"]
[SourceDate "2007.11.25"]
[SourceVersion "1"]
[SourceVersionDate "2007.11.25"]
[SourceQuality "1"]

1. e4 e6 2. d3 d5 3. Nd2 c5 4. g3 Nc6 5. Bg2 g6 6. Ngf3 Bg7 7. 0-0 Nge7 8. Re1 0-0 9. h4 b5 10. e5 Qc7 11. Qe2 Nb4 12. Nf1 Ba6 13. N1h2 c4 14. d4 c3 15. b3 Qb6 16. a3 Nbc6 17. Be3 Nf5 18. Qd1 b4 19. a4 Nxe3 20. Rxe3 Bh6 21. Re1 Rac8 22. Ng4 Bd2 23. Nxd2 cxd2 24. Qxd2 Qxd4 25. Qxd4 Nxd4 26. Rac1 Ne2+ 27. Rxe2 Bxe2 28. Ne3 Rc3 29. Bf1 Bxf1 30. Kxf1 Rfc8 31. Rd1 Kg7 32. Rd2 f6 33. exf6+ Kxf6 34. Rd4 a5 35. Rd2 h5 36. Ke1 R8c5 37. Kd1 Ke5 38. Re2 Kd6 39. Ng2 e5 40. Ne1 e4 41. Ng2 Rc6 42. Nf4 Ke5 43. Nd3+ Kf5 44. Nf4 d4 45. Nd5 d3 46. Nxc3 dxe2+ 47. Nxe2 Kg4 48. Kd2 Rf6 49. Ke1 Kf3 50. Nf4 Rxf4 51. gxf4 Kxf4 52. Ke2 Kg4 0-1

[Event "Santiago Endesa 07"]
[Site "Santiago de Chile"]
[Date "2007.07.??"]
[Round "1"]
[White "Von Dessauer Orellana, Daniel J"]
[Black "Arancibia Guzman, Eduardo"]
[Result "0-1"]
[WhiteElo "1995"]
[BlackElo "2358"]
[PlyCount "74"]
[EventDate "2007.07.??"]
[EventType "tourn"]
[EventRounds "9"]
[EventCountry "CHI"]
[SourceTitle "EXT 2008"]
[Source "ChessBase"]
[SourceDate "2007.11.25"]
[SourceVersion "1"]
[SourceVersionDate "2007.11.25"]
[SourceQuality "1"]

1. d4 Nf6 2. Nf3 g6 3. e3 Bg7 4. Nbd2 d6 5. Bd3 0-0 6. 0-0 Nbd7 7. c3 e5 8. e4 Re8 9. Re1 Nf8 10. Qb3 exd4 11. Nxd4 N8d7 12. f4 Nc5 13. Qc2 Nxd3 14. Qxd3 a6 15. a4 Bd7 16. a5 c5 17. N4f3 Bc6 18. e5 dxe5 19. Qxd8 Raxd8 20. Nxe5 Ng4 21. Ndf3 Bxf3 22. Nxf3 Rxe1+ 23. Nxe1 Rd1 24. Kf1 Nxh2+ 25. Ke2 Rd5 26. Be3 Ng4 27. Bg1 c4 28. Ra4 Rb5 29. Rxc4 Rxb2+ 30. Kd3 h5 31. Rc8+ Kh7 32. Rc7 f6 33. Bb6 Nf2+ 34. Ke3 Nd1+ 35. Kd3 Kh6 36. Rxb7 g5 37. f5 Nf2+ 0-1

[Event "Santiago Endesa 07"]
[Site "Santiago de Chile"]
[Date "2007.07.??"]
[Round "8"]
[White "Von Dessauer Orellana, Daniel J"]
[Black "Carrasco Miranda, Andres"]
[Result "1/2-1/2"]
[WhiteElo "1995"]
[BlackElo "2123"]
[PlyCount "51"]
[EventDate "2007.07.??"]
[EventType "tourn"]
[EventRounds "9"]
[EventCountry "CHI"]
[SourceTitle "EXT 2008"]
[Source "ChessBase"]
[SourceDate "2007.11.25"]
[SourceVersion "1"]
[SourceVersionDate "2007.11.25"]
[SourceQuality "1"]

1. e4 c5 2. Nf3 Nc6 3. d4 cxd4 4. Nxd4 Nf6 5. Nc3 d6 6. Bb5 Bd7 7. 0-0 g6 8. Nxc6 Bxc6 9. Bxc6+ bxc6 10. Qf3 Qc8 11. Bf4 Qg4 12. Qe3 Nh5 13. Bh6 Bxh6 14. Qxh6 Qf4 15. Qxf4 Nxf4 16. g3 Ne6 17. Rad1 0-0 18. f4 Rab8 19. b3 f6 20. Rfe1 Rb4 21. a3 Rd4 22. Kf2 Rb8 23. Ke3 Rxd1 24. Rxd1 Kf7 25. Ne2 Rb5 26. Nd4 1/2-1/2

[Event "Santiago Endesa 05"]
[Site "Santiago de Chile"]
[Date "2007.04.18"]
[Round "1"]
[White "Cuevas Araya, Walter"]
[Black "Von Dessauer Orellana, Daniel J"]
[Result "1-0"]
[WhiteElo "2158"]
[BlackElo "1995"]
[PlyCount "100"]
[EventDate "2007.04.18"]
[EventType "tourn"]
[EventRounds "9"]
[EventCountry "CHI"]
[SourceTitle "EXT 2008"]
[Source "ChessBase"]
[SourceDate "2007.11.25"]
[SourceVersion "1"]
[SourceVersionDate "2007.11.25"]
[SourceQuality "1"]

1. d4 e6 2. c4 d5 3. Nf3 Nf6 4. g3 b6 5. Bg2 Bb7 6. 0-0 Be7 7. Nbd2 0-0 8. Ne5 c5 9. cxd5 exd5 10. Ndf3 Nc6 11. Bg5 Ne4 12. Be3 Nxe5 13. Nxe5 Bf6 14. Ng4 Bg5 15. dxc5 Bxe3 16. Bxe4 Bxf2+ 17. Kxf2 dxe4 18. Qxd8 Rfxd8 19. cxb6 axb6 20. Ke3 g6 21. Nh6+ Kg7 22. Nxf7 Rd7 23. Ne5 Re7 24. Ng4 Rc7 25. Rac1 Rac8 26. Rxc7+ Rxc7 27. Rd1 Ba6 28. Rd6 Rc2 29. Rd7+ Kf8 30. Rd2 Rxd2 31. Kxd2 Ke7 32. Nf2 Kf6 33. Nxe4+ Kf5 34. Nf2 Bb7 35. Ke3 g5 36. Kd4 h5 37. e4+ Ke6 38. b4 Bc6 39. Nd3 h4 40. Ne5 hxg3 41. hxg3 Be8 42. Nf3 Kf6 43. a3 Bd7 44. Kd5 g4 45. Nd4 Ba4 46. Kd6 Be8 47. e5+ Kf7 48. Kc7 b5 49. Kd8 Kf8 50. e6 Bg6 1-0